Bankovní klienti a jejich kategorizace
Segmentácia bankových klientov - významný krok smerujúci od masového trhu k individuálnemu prístupu ku klientovi. Kritériá segmentácie. Segmentácia fyzických osôb a právnických osôb. Segmentačné analýzy.
Saved in:
| Main Author: | |
|---|---|
| Format: | Book Chapter |
| Language: | Czech |
| Subjects: | |
| Tags: |
No Tags, Be the first to tag this record!
|
MARC
| LEADER | 00000naa$a2200000$$$4500 | ||
|---|---|---|---|
| 001 | 0100690 | ||
| 005 | 20231213141137.2 | ||
| 041 | 0 | |a cze | |
| 044 | |a CZ | ||
| 245 | 1 | 0 | |a Bankovní klienti a jejich kategorizace |c Josef Kapoun |
| 520 | |a Segmentácia bankových klientov - významný krok smerujúci od masového trhu k individuálnemu prístupu ku klientovi. Kritériá segmentácie. Segmentácia fyzických osôb a právnických osôb. Segmentačné analýzy. | ||
| 610 | 2 | 0 | |a banky |
| 610 | 2 | 0 | |a zákazníci |
| 610 | 2 | 0 | |a osoby právnické |
| 610 | 2 | 0 | |a osoby fyzické |
| 610 | 2 | 0 | |a investori |
| 610 | 2 | 0 | |a lojálnosť zákazníkov |
| 100 | 1 | |a Kapoun, Josef | |